00648nam a22001817a 4500999001900000003000500019038001100024082001900035100003200054245007200086260003400158300001300192500001500205880003700220880008500257942001200342952011200354 c523691d523691NUST awaseem a891.43917bFAI aShiekh Abdul Rasheed914464 aFaiz Ahmed Faiz Insani Iqdar Ka Azeem Shair /cShiekh Abdul Rasheed aGujrat :bU.O.G Press,c2012. a288 p. ; aHardcover. 6100-02\raشیخ احمد شیخ 6245-02\raفیض احمد فیض انسانی اقدارکا عظیم شاعر / 2ddccBK 00102ddc4070aCLbCLd2019-05-21l2m4o891.43917 FAIpCL-E-1255r2023-06-15s2020-03-09w2019-05-21yBK